Les 50... - Édition Auteurs Francais - Statistiques

Statistiques générales
  • Ce quiz a été pris 180 fois
  • Le résultat moyen est 29 sur 50
Statistiques - réponses
Œuvre Auteur % Correct
L'étranger Albert Camus
100%
Les Misérables Victor Hugo
95%
Le Petit Prince Antoine de Saint-Exupéry
92%
Les Fleurs du Mal Charles Baudelaire
91%
Le Rouge et Noir Stendhal
91%
Tartuffe Molière
89%
Germinal Emile Zola
88%
Candide Voltaire
88%
Bel-ami Guy de Maupassant
83%
Fables Jean de La Fontaine
83%
Madame Bovary Gustave Flaubert
81%
Le Cid Pierre Corneille
80%
Phèdre Jean Racine
74%
A la recherche du temps perdu Marcel Proust
74%
Le Deuxième Sexe Simone de Beauvoir
74%
La Comédie Humaine Honoré de Balzac
72%
Vingt mille lieues sous les mers Jules Vernes
66%
Voyage au bout de la nuit Louis-Ferdinand Céline
66%
Gargantua François Rabelais
65%
La Nausée Jean-Paul Sartre
64%
L'Écume des jours Boris Vian
62%
Essais Michel de Montaigne
62%
La Mare au diable George Sand
59%
Les Confessions Jean-Jacques Rousseau
58%
Mémoires d’outre-tombe René de Chateaubriand
58%
Jacques le fataliste Denis Diderot
57%
Lorenzaccio Alfred de Musset
56%
Les Trois Mousquetaires Alexandre Dumas (père)
55%
Lettres de mon moulin Alphonse Daudet
55%
Mémoires d'Hadrien Marguerite Yourcenar
55%
L'amant Marguerite Duras
53%
Une saison en enfer Arthur Rimbaud
49%
Les Pensées Blaise Pascal
49%
La Dame aux camélias Alexandre Dumas (fils)
48%
La Condition humaine André Malraux
46%
Zazie dans métro Raymond Queneau
41%
Paroles Jacques Prévert
38%
Romances sans paroles Paul Verlaine
38%
Les Faux-monnayeurs André Gide
37%
Chéri Colette
35%
Méditations poétiques Lamartine
35%
Capitale de la douleur Paul Éluard
30%
Le Capitaine Fracasse Théophile Gautier
28%
La vie mode d'emploi Georges Perec
25%
Les Enfants terribles Jean Cocteau
23%
Le Passe-muraille Marcel Aymé
23%
Aurélia Gérard de Nerval
20%
À rebours Joris-Karl Huysmans|Charles Marie Georges Huysmans
20%
La Jeune Parque Paul Valéry
14%
Le Crime de Sylvestre Bonnard Anatole France
11%
Aucun quiz correspondant
Distribution des résultats
% des personnes avec chaque résultat
Percentile par nombre de réponses
Votre historique - résultats
Vous n’avez pas pris ce quiz